00847nam a2200217 i 450000100060000000300090000600500170001500700030003200800410003510000520007624500860012825000150021426000930022930000330032249000240035565100490037983000320042885200310046099900170049195201210050879307ES-MaACL20251110063220.0t|041020s1947 mx ||||1| spa d aHenríquez Ureña, Pedro, d1884-1946917651610aHistoria de la cultura en la América Hispánica / cPedro Henríquez Ureña. a[1ª ed.]. aMéxico : bFondo de Cultura Económica de México, c[1947] (fGráf. Panamericana) a241 p., 15 lám. ; c22 cm.1 aTierra firme ; v28 4aAmérica española-xCivilización.977200 aTierra firme ; v289178734 aES-MaACLjD-7745 bR.30402 c79307d79307 00104070aATENEOMbATENEOMcSVId2008-01-17eSCl0oD-7745p901082934r2023-02-23 00:00:00w2023-02-23yMONOGRAFIA